Statistiques concernant Culture Générale - Série 433

Cliquez ici pour prendre le quiz!

Statistiques générales

  • Ce quiz a été pris 156 fois
  • Le résultat moyen est 4 sur 10

Statistiques - réponses

QuestionRéponse% Correct
Quel mot désigne la profondeur d'un soutien‐gorge ?bonnet
83%
D'après les paroles de la chanson "Les Corons", si le ciel était l'horizon, qu'est‐ce qu'était la terre ?charbon
71%
Dans la chanson "Santiano", combien de "tonneaux" jauge le fameux trois‐mâts ?400
62%
Quel sous‐vêtement est appelé "bobette" au Québec ?culotte
59%
Dans le film "Hors de prix", pour les beaux yeux de quelle actrice Gad Elmaleh dépense‐t‐il tout son argent ?Audrey Tautou
37%
En 1987, quels sont les 4 premiers mots de la chanson "20 ans" de Pierre Bachelet ?En ce temps‐là
25%
A bord de quelle voiture avec chauffeur la fille aux bas Nylon de Julien Clerc circule‐t‐elle ?Bentley
7%
Que signifie en breton "Pen Duick" ?Tête noire
7%
Dans la chanson "Les Dessous chics" interprétée par Jane Birkin, qu'est‐ce qui claque comme une paire de claques ?jarretelle
5%
Quel verbe du vocabulaire marin signifie "donner du mou" ?Choquer
1%

Distribution des résultats

Percentile par nombre de réponses

% des personnes avec chaque résultat

Votre développement - résultats

Vous n’avez pas pris ce quiz